000 005110000a22001930004500
020 _a0-311-29012-4
041 0 _aSPA
082 0 4 _aG 266 P3171e
100 1 _aPatterson, Frank W.
245 1 0 _aLos evangélicos frente al siglo XXI / F. W. Patterson
260 _aEl Paso, TX., USA : Mundo Hispano
300 _a153 Pag
650 1 4 _aMISIONES - SIGLO XXI
001 7290
942 _cBK
999 _c37506
_d37506
336 _atexto
_btxt
_2rdacontent
337 _2rdamedia
_asin mediación
_bn
338 _2rdacarrier
_avolumen
_bnc